Normal view
MARC view
Entry Personal Name
001 - CONTROL NUMBER
- control field: 271
003 - CONTROL NUMBER IDENTIFIER
- control field: OSt
005 - DATE AND TIME OF LATEST TRANSACTION
- control field: 20140701181219.0
008 - FIXED-LENGTH DATA ELEMENTS
- fixed length control field: 140701|| aca||aabn | a|a d
040 ## - CATALOGING SOURCE
- Original cataloging agency: OSt
- Transcribing agency: OSt
100 ## - HEADING--PERSONAL NAME
- Personal name: Rowett H.G.Q
670 ## - SOURCE DATA FOUND
- Source citation: Work cat.: (OSt): Rowett H.G.Q, BASIC ANATOMY & PHYSIOLOGY
